Výzkum mladé módy
Guardado en:
| Autor principal: | |
|---|---|
| Otros Autores: | |
| Formato: | Libro |
| Lenguaje: | checo |
| Publicado: |
Praha
Výzkumný ústav obchodu
1986
|
| Colección: | Knižnice VÚO
201 |
| Etiquetas: |
Sin Etiquetas, Sea el primero en etiquetar este registro!
|
MARC
| LEADER | 00000nam a2200000 4500 | ||
|---|---|---|---|
| 001 | c029822 | ||
| 005 | 20251110140041.4 | ||
| 041 | 0 | |a cze | |
| 044 | |a CZ | ||
| 245 | 1 | 0 | |a Výzkum mladé módy |c Jana Vaníčková, Kateřina Svobodová |
| 264 | 1 | |a Praha |b Výzkumný ústav obchodu |c 1986 | |
| 300 | |a 30 s. | ||
| 490 | 1 | |a Knižnice VÚO |v 201 | |
| 830 | 0 | |a Knižnice VÚO |v 201 | |
| 100 | 1 | |a Vaníčková, Jana | |
| 700 | 1 | |a Svobodová, Kateřina | |